000 00764nam a2200205Ia 4500
001 17131
003 GE_BSU
008 181216s||||||||xx |||||||||||||| ||und||
040 _cGE_BSU
080 _a016:37.01(479.22) + 012გოგებაშვილი, ი.
100 _aგოგებაშვილი, იაკობ (1840-1912)
245 _aთხზულებანი.ი. გოგებაშვილის ბიბლიოგრაფია. ტ. 10
245 _cრედ.ვ.ქაჯაია
260 _aთბილისი
260 _bგანათლება
260 _c1965
300 _a393 გვ.22სმ.
653 _aი. გოგებაშვილის ბიბლიოგრაფია
942 _cBK
999 _c50193
_d50193